Pravda o obchode skutočné dôsledky liberalizácie
Salvato in:
| Autore principale: | |
|---|---|
| Altri autori: | |
| Natura: | Libro |
| Lingua: | slovacco |
| Pubblicazione: |
Bratislava
Nadácia Pontis
2011
|
| Soggetti: | |
| Tags: |
Nessun Tag, puoi essere il primo ad aggiungerne!!
|
MARC
| LEADER | 00000nam a2200000 4500 | ||
|---|---|---|---|
| 001 | 0177733 | ||
| 005 | 20240314094514.4 | ||
| 020 | |a 978-80-968229-4-2 | ||
| 041 | 0 | |a slo | |
| 044 | |a SK | ||
| 245 | 1 | 0 | |a Pravda o obchode |b skutočné dôsledky liberalizácie |c Clive George ; preklad: Ladislav Kubiš |
| 264 | 1 | |a Bratislava |b Nadácia Pontis |c 2011 | |
| 300 | |a 162 s. | ||
| 610 | 2 | 0 | |a obchod |
| 610 | 2 | 0 | |a obchod svetový |
| 610 | 2 | 0 | |a liberalizácia |
| 610 | 2 | 0 | |a bariéry obchodu zahraničného |
| 610 | 2 | 0 | |a krajiny rozvojové |
| 610 | 2 | 0 | |a dôsledky sociálne |
| 610 | 2 | 0 | |a prostredie životné |
| 610 | 2 | 0 | |a odvetvia činnosti ekonomickej |
| 100 | 1 | |a George, Clive | |
| 700 | 1 | |a Kubiš, Ladislav | |